000 00740nam a2200241Ia 4500
003 GCL
008 140319s9999 xx 000 0 ara d
040 _aGCL /
_cGCL
082 0 4 _a260.9
_bم ح
100 1 _aمحمد ياسر شرف
245 1 0 _aحركة التصوف الاسلامى /
_cمحمد ياسر شرف
260 _a[S.N] :
_bالهيئة المصرية العامة للكتاب ،
_c1986
300 _a313 ص
490 _a
650 0 4 _aالفلسفة الاسلامية
650 0 4 _aتاريخ
650 0 4 _aالتصوف الاسلامى
650 0 4 _aالتصوف
650 0 4 _aنظريات
650 0 4 _aالحياة الروحية
650 0 4 _aنظريات الطرق الصوفية
942 _2ddc
_cBK
999 _c28140
_d28140